[Event "3rd Sharjah Masters 2019"]
[Site "Sharjah"]
[Date "2019.03.22"]
[Round "1.1"]
[White "Wang, Hao"]
[Black "AlHuwar, Jasem"]
[Result "1-0"]
[WhiteElo "2718"]
[BlackElo "2232"]
[Annotator "TA"]
[PlyCount "65"]
[EventDate "2019.03.22"]
[EventType "swiss"]
[EventCountry "UAE"]
[SourceTitle "playchess.com"]
[Source "ChessBase"]
[SourceQuality "1"]

{[%evp 15,65,44,43,46,77,78,85,85,75,81,89,86,87,97,115,114,138,147,179,112,181,184,180,180,172,180,178,175,201,203,202,188,202,169,187,176,226,222,225,223,226,217,276,278,302,302,685,649,857,786,1552,1360]} 1. e4 g6 2. d4 Bg7 3. c4 d6 4. Nc3 Nc6 5. Nge2 e5 6. Be3 exd4 7. Nxd4 Nge7 8. h4 h5 9. Qd2 {A42: Modern Defence: Averbakh Variation} Be6 (9... O-O 10. O-O-O f5 11. c5 f4 12. Nxc6 fxe3 13. Nxe7+ Qxe7 14. Qxe3 dxc5 15. Bc4+ Kh7 16. f4 Bd4 17. Rxd4 cxd4 18. Qxd4 {1-0 (33) Dubov,D (2666)-Krylov,M (2476) Sochi 2017}) 10. Nxe6 fxe6 11. O-O-O {White is better.} Qd7 $146 ({Predecessor:} 11... b6 12. Kb1 Qd7 13. f4 O-O-O 14. g3 Ng8 15. c5 bxc5 16. Ba6+ Kb8 17. Bxc5 {1-0 (35) Tereick,B (2090)-Seyb,A (1973) Willingen 2004}) 12. c5 {[%cal Rc5d6]} O-O-O 13. cxd6 Qxd6 14. Qxd6 Rxd6 15. Bc4 Rxd1+ 16. Rxd1 ({Don't do} 16. Nxd1 $6 e5 $14) 16... e5 {[#]} 17. Be6+ $1 Kb8 18. Rd7 Bf6 19. Nd5 Nxd5 20. exd5 ({Not} 20. Rxd5 Bxh4 21. Rd7 Nd8 $11) ({Much less strong is} 20. Bxd5 $6 Ne7 $14) 20... Nd4 21. g3 Nxe6 22. dxe6 $18 {[%mdl 4096] Endgame KRB-KRB} Re8 23. Rf7 Bd8 {[#]} 24. Bg5 $1 {[%cal Rg5d8]} Bxg5+ 25. hxg5 {KR-KR} Kc8 26. Rf6 Rg8 27. e7 Re8 28. Rxg6 Rxe7 29. Kd2 Rf7 30. Ke3 e4 $2 (30... Kd7 31. Rh6 Ke7) 31. Rh6 {White is clearly winning.} Rf3+ 32. Kxe4 Rxf2 33. g6 {Accuracy: White = 100%, Black = 39%.} 1-0

[Event "3rd Sharjah Masters 2019"]
[Site "Sharjah"]
[Date "2019.03.22"]
[Round "1.2"]
[White "Jeet, Jain"]
[Black "Fedoseev, Vladimir"]
[Result "0-1"]
[WhiteElo "2219"]
[BlackElo "2715"]
[Annotator "TA"]
[PlyCount "82"]
[EventDate "2019.03.22"]
[EventType "swiss"]
[EventCountry "UAE"]
[SourceTitle "playchess.com"]
[Source "ChessBase"]
[SourceQuality "1"]

{[%evp 10,82,15,12,10,15,11,15,22,18,39,19,22,31,10,0,153,141,144,133,130,-5,-6,-19,-20,-22,-16,-25,0,-9,69,18,7,0,0,-27,38,0,0,0,28,-47,-48,-86,-86,-104,-100,-119,-104,-137,-138,-138,-124,-101,-110,-119,-135,-118,-125,-125,-116,-112,-113,-152,-105,-143,-135,-316,-316,-343,-333,-422,-389,-840,-826]} 1. e4 c5 2. Nf3 d6 3. Bb5+ Nd7 4. c3 Ngf6 5. Qe2 a6 6. Ba4 g6 {B51: Sicilian: Moscow Variation (3 Bb5+) without 3...Bd7} (6... b5 7. Bc2 Bb7 8. O-O e6 9. d4 Be7 10. Re1 O-O 11. Nbd2 Rc8 12. Nf1 Qc7 13. Bd3 cxd4 14. cxd4 e5 15. d5 Nh5 16. Ng3 Nf4 17. Bxf4 exf4 {1-0 (45) Quesada Perez,Y (2612)-Xiong,J (2675) Saint Louis 2018}) 7. O-O Bg7 8. d4 cxd4 {The position is equal.} 9. cxd4 b5 10. Bb3 {[#] Black must now prevent e5.} Nb6 11. Nc3 b4 12. Na4 Bd7 $2 (12... Nxa4 $1 $11 13. Bxa4+ Bd7) 13. Nxb6 $16 Qxb6 14. e5 $36 {[%mdl 2048] White has strong initiative.} Bb5 $146 15. Bc4 ({Better is} 15. Qe1 $16 dxe5 16. dxe5) 15... Nd5 $11 16. exd6 Bxc4 {[#]} 17. d7+ $1 {[%mdl 512]} Kxd7 18. Qxc4 Qb5 19. Qb3 f6 ({Black should play} 19... Rhc8 $11) 20. Bd2 (20. Ne1 $14) 20... Rhc8 21. Rfc1 e6 22. Ne1 f5 (22... Rxc1 $11 23. Rxc1 Rc8) 23. Nf3 a5 24. a4 Qe2 25. Re1 (25. Rc5 $1 $11 Rxc5 26. dxc5) 25... Qc4 $15 26. Qxc4 Rxc4 27. Rac1 Rac8 28. Rxc4 Rxc4 29. Rc1 Rxc1+ 30. Bxc1 $17 {[%mdl 4096] Endgame KBN-KBN} Ne7 31. Kf1 Nc6 32. Be3 Kd6 33. Ke2 Kd5 34. Kd3 h6 35. h4 h5 36. b3 Bf6 37. g3 Bg7 38. Ng5 $2 (38. Nd2 $17) 38... Bxd4 $19 (38... Nxd4 $2 39. Nh3 $17) 39. Nf3 {[%cal Rf3d4]} Bc3 40. Bb6 e5 41. Ng1 $2 (41. Ke2 Bd4 42. Bc7) 41... Bd4 {Accuracy: White = 26%, Black = 73%.} 0-1

[Event "3rd Sharjah Masters 2019"]
[Site "Sharjah"]
[Date "2019.03.22"]
[Round "1.3"]
[White "Le, Quang Liem"]
[Black "Rayes, Abdul Kader"]
[Result "1-0"]
[WhiteElo "2715"]
[BlackElo "2219"]
[Annotator "TA"]
[PlyCount "55"]
[EventDate "2019.03.22"]
[EventType "swiss"]
[EventCountry "UAE"]
[SourceTitle "playchess.com"]
[Source "ChessBase"]
[SourceQuality "1"]

{[%evp 18,55,58,43,50,57,52,50,68,70,80,86,114,102,113,110,133,129,153,159,178,157,141,143,218,185,309,314,325,300,270,279,765,762,791,788,1493,1458,3719,2574]} 1. e4 c5 2. Nf3 d6 3. d4 cxd4 4. Nxd4 Nf6 5. Nc3 g6 6. Be3 Bg7 7. f3 Nc6 8. Qd2 Bd7 9. O-O-O h5 10. Kb1 a6 {B75: Sicilian Dragon: Yugoslav Attack, Miscellaneous} 11. h3 b5 12. Nd5 $146 {aiming for Nxc6.} ({Predecessor:} 12. Be2 Ne5 13. g4 Rc8 14. a3 Nc4 15. Bxc4 Rxc4 16. Qd3 O-O 17. Rhg1 Qb8 18. b3 {½-½ (46) Korneev,O (2671)-Guseinov,E (2417) Baku 2006}) 12... Rb8 {White is slightly better.} 13. Bg5 Nxd5 14. Nxc6 Bxc6 15. exd5 Ba8 16. Re1 f6 17. Bh4 Rc8 18. Bd3 Kf7 19. f4 Rc5 20. Be4 Qc8 (20... Rc7 $16 21. Bf3 b4) 21. Re2 b4 (21... f5 $142) 22. Rhe1 $18 Rc7 23. Qd3 ({Much less strong is} 23. Qxb4 $6 Qb7 $18) 23... f5 24. Bf3 Re8 $2 {[#]} (24... Bf6) 25. g4 $1 {[%mdl 512] White is clearly winning.} hxg4 (25... fxg4 26. Be4) 26. hxg4 Qb7 27. gxf5 Kg8 28. f6 {Accuracy: White = 83%, Black = 34%.} 1-0

[Event "3rd Sharjah Masters 2019"]
[Site "Sharjah"]
[Date "2019.03.22"]
[Round "1.4"]
[White "Panda Sambit"]
[Black "Inarkiev, Ernesto"]
[Result "0-1"]
[WhiteElo "2218"]
[BlackElo "2692"]
[Annotator "TA"]
[PlyCount "96"]
[EventDate "2019.03.22"]
[EventType "swiss"]
[EventCountry "UAE"]
[SourceTitle "playchess.com"]
[Source "ChessBase"]
[SourceQuality "1"]

{[%evp 9,96,15,28,30,43,39,81,81,77,65,70,70,68,20,12,0,2,0,14,-20,-22,-19,-15,-20,-6,-22,-25,-33,-18,-27,-25,-25,-17,-23,-18,-23,-24,-25,-20,-29,0,-27,-24,-27,-22,-22,-32,-64,-67,-64,-69,-189,-128,-187,-181,-185,-180,-170,-168,-342,-349,-318,-241,-261,-252,-246,-237,-222,-224,-352,-350,-312,-302,-373,-198,-196,-193,-196,-192,-246,-246,-308,-308,-308,-308,-304,-304,-266,-236]} 1. d4 Nf6 2. c4 g6 3. Nc3 d5 4. cxd5 Nxd5 5. Na4 {[#]} e5 $1 {[%mdl 512]} 6. dxe5 {D85: Exchange Grünfeld: Unusual White 7th moves and lines with 7 Nf3} (6. e4 Bb4+ 7. Bd2 Bxd2+ 8. Qxd2 Nf6 9. Nf3 Nxe4 10. Qe3 Qd5 11. Nxe5 O-O 12. Bc4 Qa5+ 13. Nc3 Nd6 {1-0 (24) Xiong,J (2672)-Bai,J (2572) chess.com INT 2019}) 6... Bb4+ 7. Bd2 Ne3 8. fxe3 {White is better.} Bxd2+ 9. Qxd2 Qh4+ {[%mdl 64] Double Attack} 10. g3 Qxa4 11. Qd4 Qa5+ $1 12. b4 Qa4 13. e6 {[#]} f6 $146 ({Predecessor:} 13... O-O 14. exf7+ Rxf7 15. Qd8+ Rf8 16. Qd5+ Rf7 17. Qd8+ Kg7 18. Qd4+ Kg8 {½-½ (18) Dias,P (2295)-Nijboer,F (2525) Escaldes 1998}) 14. Bg2 {Strongly threatening Rd1.} ({But not} 14. Qxf6 $2 Qxb4+ 15. Kf2 Rf8 $19) 14... Nc6 15. Bxc6+ ({Don't blunder} 15. Qxf6 $2 Qxb4+ 16. Kd1 Rf8 $19) 15... Qxc6 {[%mdl 64] Double Attack} 16. Nf3 ({Wrong is} 16. Qxf6 $2 Rf8 $19) 16... Qxe6 17. O-O O-O 18. Rfd1 Re8 19. Kf2 Bd7 20. Qd5 Re7 21. Rac1 c6 22. Qxe6+ Bxe6 23. a3 Kf7 24. Nd4 Bd5 25. a4 a5 26. b5 cxb5 27. Nxb5 Bc6 $1 $36 {[%mdl 2048] Black is pushing.} 28. Rc5 Re5 29. Rxe5 fxe5 $15 {[%mdl 4096] Endgame KRB-KRN} 30. Nd6+ {[#]} (30. Rb1 $15) 30... Ke6 (30... Ke7 $1 $19 {Hoping for ...Rd8.} 31. Nc4 Bxa4) 31. Nc4 (31. Rd3 $17) 31... Bxa4 $19 32. Rd6+ Ke7 33. Rd5 b5 34. Nxe5 $2 (34. Nb6 Ke6 35. e4) 34... b4 35. Nc4 b3 36. Ke1 Rc8 37. Nb2 Rc1+ 38. Kf2 Bd7 {Threatens to win with ...a4.} 39. Re5+ (39. Rxa5 $142 Rc2 40. Nd3) 39... Kd6 40. Rxa5 Rc2 41. Nd3 b2 (41... Ra2 $142 42. Rg5 b2 43. Nxb2 Rxb2) 42. Ra6+ Kc7 43. Nxb2 Rxb2 {KRB-KR} 44. Rf6 (44. Ra7+ {was necessary.} Kd6 45. Kf3) 44... Kd8 45. Rf7 h5 {Black has a decisive advantage.} 46. Rf6 Bf5 47. Kf3 Ke7 48. Ra6 Rb4 {Accuracy: White = 38%, Black = 65%.} 0-1

[Event "3rd Sharjah Masters 2019"]
[Site "Sharjah"]
[Date "2019.03.22"]
[Round "1.5"]
[White "Matlakov, Maxim"]
[Black "Sapaev, Maksad"]
[Result "1-0"]
[WhiteElo "2692"]
[BlackElo "2214"]
[Annotator "TA"]
[PlyCount "39"]
[EventDate "2019.03.22"]
[EventType "swiss"]
[EventCountry "UAE"]
[SourceTitle "playchess.com"]
[Source "ChessBase"]
[SourceQuality "1"]

{[%evp 15,39,28,41,41,49,29,40,40,38,37,62,64,50,55,54,61,98,89,102,93,301,307,462,477,471,463]} 1. e4 e5 2. Nf3 Nc6 3. Bb5 a6 4. Ba4 Nf6 5. O-O Be7 6. d3 d6 7. c3 Bg4 8. Re1 Nd7 9. Be3 {C87: Closed Ruy Lopez: Steinitz-type lines after 6 Re1 d6} h6 10. Nbd2 Bg5 11. Qe2 {White is slightly better.} b5 $146 {[#] Threatens to win with ...Bxe3.} ({Predecessor:} 11... Bxe3 12. Qxe3 O-O 13. h3 Bh5 14. d4 b5 15. Bd1 Bg6 16. dxe5 Ncxe5 17. Nxe5 dxe5 {½-½ (29) Svidler,P (2690)-Adams,M (2745) Germany 2003}) 12. Bc2 Nc5 13. h3 Bxe3 14. Qxe3 Bxf3 15. Nxf3 Ne6 16. d4 {[#] aiming for d5.} Nf4 17. a4 {Strongly threatening dxe5.} g5 $2 (17... O-O $16) 18. dxe5 $18 dxe5 (18... O-O {was necessary.} 19. exd6 cxd6) 19. axb5 axb5 20. Qc5 $1 {[%csl LRb5,LRc6,LRe5][%mdl 64] Double Attack. Accuracy: White = 100%, Black = 45%.} 1-0

[Event "3rd Sharjah Masters 2019"]
[Site "Sharjah"]
[Date "2019.03.22"]
[Round "1.6"]
[White "Srihari L R"]
[Black "Sargissian, Gabriel"]
[Result "0-1"]
[WhiteElo "2211"]
[BlackElo "2689"]
[Annotator "TA"]
[PlyCount "68"]
[EventDate "2019.03.22"]
[EventType "swiss"]
[EventCountry "UAE"]
[SourceTitle "playchess.com"]
[Source "ChessBase"]
[SourceQuality "1"]

{[%evp 9,68,-2,4,0,3,0,4,-20,-21,-20,-14,-51,-52,-45,-43,-50,-39,-81,-81,-70,-49,-72,-87,-114,-128,-121,-120,-109,-107,-157,-156,-165,-136,-178,-169,-193,-172,-194,-177,-303,-298,-412,-413,-585,-574,-606,-547,-568,-597,-518,-602,-742,-733,-693,-622,-5624,-5595,-5595,-5104,-2383,-2317]} 1. d4 Nf6 2. Bg5 e6 3. Nd2 h6 4. Bh4 d5 5. e3 c5 6. c3 {A45: Trompowsky Attack} Nc6 (6... Be7 7. Bd3 Qb6 8. Rb1 Bd7 9. a4 Bc6 10. dxc5 Qxc5 11. b4 Qxc3 12. Rb3 {1-0 (26) Andreikin,D (2702)-Wang,Y (2690) China 2018}) 7. Bd3 Qb6 8. Qb3 {The position is equal.} c4 9. Qxb6 axb6 10. Bc2 b5 11. Ne2 $146 ({Predecessor:} 11. Ngf3 b4 {0-1 (38) Mytarev,O (1984)-Losev,D (2376) Kaluga 2007}) 11... b4 $36 {[%mdl 2048] Black is more active.} 12. O-O b5 {[%cal Bb7b5,Bb5b4][%mdl 32]} 13. e4 bxc3 14. bxc3 b4 (14... g5 $5 {[%cal Rg5h4]} 15. Bg3 b4 $15) 15. exd5 exd5 16. Rfe1 g5 17. Bg3 Be6 18. Nf3 Nd7 19. h4 Be7 20. hxg5 hxg5 21. Nd2 O-O 22. Nf1 Ra3 {[%cal Ba8a3,Ba3c3,Bc3c2][%mdl 32]} 23. Ne3 Rfa8 24. f4 (24. cxb4 $142 Nxb4 25. Bb1) 24... gxf4 $19 ({And not} 24... Rxa2 25. Rxa2 Rxa2 26. f5 $11) 25. Nxf4 Rxc3 26. Nfxd5 (26. Bd1 {was necessary.} Bd6 27. Kh1) 26... Bxd5 {Black is clearly winning.} 27. Nxd5 Rxc2 (27... Rxg3 $2 28. Nxe7+ Nxe7 29. Rxe7 $19) 28. Nxe7+ Nxe7 29. Rxe7 b3 30. Rxd7 Raxa2 31. Rd8+ Kh7 32. Rf1 Rxg2+ {[%mdl 64] [#] Double Attack} 33. Kh1 Rxg3 34. Rxf7+ Rg7 {Accuracy: White = 42%, Black = 93%.} 0-1

[Event "3rd Sharjah Masters 2019"]
[Site "Sharjah"]
[Date "2019.03.22"]
[Round "1.7"]
[White "Kryvoruchko, Yuriy"]
[Black "Blagojevic, Tijana"]
[Result "1-0"]
[WhiteElo "2680"]
[BlackElo "2206"]
[Annotator "TA"]
[PlyCount "103"]
[EventDate "2019.03.22"]
[EventType "swiss"]
[EventCountry "UAE"]
[SourceTitle "playchess.com"]
[Source "ChessBase"]
[SourceQuality "1"]

{[%evp 18,103,0,7,71,64,58,56,58,60,35,39,56,47,33,39,54,59,41,18,77,84,107,108,144,135,158,145,168,145,136,90,110,102,110,102,102,109,108,112,109,103,184,89,143,121,148,137,196,177,219,183,243,159,164,152,160,164,177,164,364,285,274,257,310,320,422,418,415,409,523,518,756,316,442,487,473,471,374,247,5314,4806,2079,2006,1797,1508,5189,2499]} 1. c4 e5 2. g3 Nf6 3. Bg2 d5 4. cxd5 Nxd5 5. Nc3 Nb6 6. Nf3 Nc6 7. a3 a5 8. d3 Be7 9. O-O O-O 10. Be3 a4 {A29: English Opening: Four Knights Variation with 4 g3} (10... Be6 $11) (10... Be6 11. Bxb6 cxb6 12. e3 Qd7 13. d4 exd4 14. Nxd4 Nxd4 15. exd4 Bc4 16. Re1 Bf6 17. Qf3 Rad8 18. Rad1 b5 {0-1 (42) Potkin,V (2597)-Yu,Y (2764) St Petersburg 2018}) 11. Bxb6 $1 $16 cxb6 12. Nxa4 e4 {White is slightly better.} 13. Ne1 $1 e3 14. fxe3 Bg5 15. Kh1 $146 ({Predecessor:} 15. Nc3 Bxe3+ 16. Kh1 Be6 17. Nc2 Bb3 18. Qb1 {1-0 (76) Ly,M (2486)-Beerdsen,T (2484) chess.com INT 2019}) 15... Bxe3 16. Nc2 Bh6 17. Nc3 $36 {[%mdl 2048] White has some pressure.} Be6 18. Nb4 Qd6 (18... Ra5 $11 {keeps the balance.}) 19. Nbd5 $1 Ra5 {[%cal Re6d5]} 20. Nxb6 Qd4 {[#]} 21. Nc4 $1 Bxc4 22. dxc4 Qxc4 23. Bd5 Qg4 24. e4 Qd7 25. b4 Raa8 26. Na4 {aiming for Nb6.} Be3 27. Qb3 Ba7 28. Rac1 Nd4 29. Qd1 Nb5 (29... Rae8 $16 {was called for.} 30. Nc5 Bxc5) 30. Rf3 (30. Nc5 $18 {has better winning chances.} Bxc5 31. Rxc5) 30... Kh8 ({Black should try} 30... Nd4 31. Rd3 Rac8) 31. Rd3 {Strongly threatening Bc6.} Qe7 32. Nc5 Bxc5 (32... Rab8 $16 33. Qe2 Nc7) 33. Rxc5 $18 Nd6 34. e5 $1 {[%cal Re5d6]} Nf5 (34... Ne8 $142 35. Bf3 b6) 35. Be4 Nh6 36. a4 {[%cal Ba3a4,Ba4a5][%mdl 32]} f5 {[#]} 37. Bf3 $1 Ng4 {Threatens to win with ...Nf2+.} 38. Kg2 {And now h3 would win.} Qf7 $2 (38... b6) 39. a5 Rae8 40. Qe2 Nf6 41. Re3 Ng4 42. Bxg4 fxg4 43. e6 Qf6 44. e7 Rf7 45. b5 (45. Re6 $142 Qf3+ 46. Qxf3 gxf3+ 47. Kf2) 45... h6 {[#]} 46. Rce5 $1 ({Weaker is} 46. Rc7 Qd6 $16) 46... Kg8 47. R3e4 Qd6 48. Qc4 g5 $2 (48... Qf6 49. Qe2 Qd6) 49. Rf5 {White is clearly winning.} Qd2+ 50. Re2 Qxe2+ 51. Qxe2 Rxf5 52. Qe6+ {[%mdl 64] Double Attack. Accuracy: White = 69%, Black = 43%.} 1-0

[Event "3rd Sharjah Masters 2019"]
[Site "Sharjah"]
[Date "2019.03.22"]
[Round "1.8"]
[White "Abdurakhmonov, Mukhammadali"]
[Black "Maghsoodloo, Parham"]
[Result "0-1"]
[WhiteElo "2205"]
[BlackElo "2673"]
[Annotator "TA"]
[PlyCount "112"]
[EventDate "2019.03.22"]
[EventType "swiss"]
[EventCountry "UAE"]
[SourceTitle "playchess.com"]
[Source "ChessBase"]
[SourceQuality "1"]

{[%evp 11,112,53,56,40,40,47,37,40,79,78,71,67,80,79,83,70,71,76,81,84,115,68,120,114,118,79,97,84,101,66,63,43,43,40,150,95,111,102,146,95,172,123,139,152,175,161,229,163,207,238,193,175,187,172,198,146,234,226,232,212,215,91,83,88,316,111,104,115,951,177,937,920,1035,1034,895,148,141,145,303,0,0,0,0,0,0,0,48,0,0,0,0,0,0,0,0,-29986,-29987,-29988,-29989,-29993,-29994,-29994,-29995]} 1. e4 g6 2. d4 Bg7 3. Nc3 d6 4. f4 a6 5. Nf3 b5 {[%cal Bb7b5,Bb5b4][%mdl 32]} 6. Bd3 Nd7 7. a4 {B06: Modern Defence} b4 8. Ne2 c5 9. c3 {White is slightly better.} Rb8 (9... Bb7 10. O-O Ngf6 11. e5 Nd5 12. Bd2 bxc3 13. bxc3 cxd4 14. cxd4 O-O {0-1 (49) Anand,V (2759)-Nakamura,H (2769) Leuven 2018}) 10. O-O Bb7 11. Ng3 bxc3 $146 ({Predecessor:} 11... h5 12. f5 h4 13. fxg6 fxg6 14. Ng5 Qb6 {0-1 (39) Milliet,S (2377)-Paehtz,E (2453) Monaco 2017}) 12. bxc3 {[%cal Bb2c3,Bc3d4][%mdl 32]} Ngf6 13. Qe2 Qa5 14. Bd2 O-O 15. e5 Nd5 16. Ne4 cxd4 ({Black should play} 16... Nc7 $14) 17. cxd4 $16 Qb6 18. Rab1 Qa7 {Threatening ...dxe5.} 19. Kh1 Nc7 20. Be3 Qa8 21. exd6 exd6 22. Nxd6 Bd5 (22... Bxf3 $1 $14 23. Qxf3 (23. gxf3 Nd5 $11) 23... Qxf3 24. gxf3 (24. Rxf3 Nd5 $14) 24... Nb6) 23. Rbc1 (23. Ne5 $142 Rxb1 24. Rxb1) 23... Ne8 24. Nc4 $1 a5 25. Bd2 (25. Nfe5 $142 Nef6 26. Bd2) 25... Nef6 (25... Bxc4 $16 26. Rxc4 Nd6) 26. Nxa5 Ne4 27. Bb5 $1 {[%cal Rb5d7]} Ndf6 28. Nc6 Rbe8 (28... Rb7 $142 29. Nb4 Nxd2 30. Qxd2 (30. Nxd2 Qd8 $18) 30... Bxf3) 29. Qd3 {Hoping for Bb4.} Nxd2 30. Qxd2 (30. Nxd2 $6 Re6 $16) 30... Ne4 31. Qb4 Bf6 32. Nce5 Re6 33. Bc4 (33. a5 $18) 33... Be7 (33... Bxc4 $16 34. Qxc4 Ra6) 34. Qb3 $18 Nf6 35. Bxd5 Nxd5 36. Nd3 (36. Nd7 $18 {is more deadly.}) 36... Rb8 $16 37. Qa2 Re3 $2 (37... Ra6 $16) 38. Nc5 $2 (38. Nfe5 $18) 38... Nxf4 39. Ne5 {[%mdl 64] Discovered Attack} Re2 $2 {[%mdl 8192]} (39... Qd5 $16 40. Qxd5 Nxd5) 40. Qxf7+ $18 {[%mdl 64] Double Attack} Kh8 {[%csl Ge2,Gf4][%cal Ra8g2]} 41. Rf3 Bg5 42. Ne6 {[%csl Ge6][%cal Rf7g7]} Rb7 43. Qf8+ $2 (43. Nxg5 Rxf7 44. Ngxf7+ Kg7 $11) (43. Nc7 Rc2 $11) (43. Nxf4 $18 {and the rest is easy.} Rxf7 44. Nxf7+ Kg8 45. Nxg5) 43... Qxf8 $16 44. Nxf8 {aiming for h4!} Kg8 $2 {[#]} (44... Bh6 $16 {was worth a try.}) 45. Nfd7 $2 (45. h4 $1 $18 {[%cal Rh4g5]} Bh6 (45... Bxh4 46. Rxf4) 46. Nfd7) 45... Rbb2 $1 $40 {[%mdl 128] Black has some attack.} 46. Rg3 Nd3 47. Rf1 ({Much weaker is} 47. Nxd3 Bxc1 48. h3 Rb1 $17) 47... Nf2+ 48. Kg1 Bh4 (48... Ne4 $5 49. Rf8+ $8 Kg7 50. Rf7+ Kg8 51. Rf8+ Kg7 52. Rf7+ Kg8 53. Rf8+ $11) 49. Rf3 {Nc5 is the strong threat.} Ne4 50. Rf8+ Kg7 51. R8f7+ Kh6 52. Ng4+ Kg5 53. g3 $2 {[%mdl 8192]} (53. Nde5 $11 Rxg2+ {[%mdl 64] Double Attack} 54. Kh1 Rxg4 55. Nxg4 Kxg4 56. Rg1+ (56. Rxh7 Bf6 $15) (56. R7f4+ Kh3 $11) 56... Bg3 57. Rg2 Rb1+ 58. Rg1) 53... Bxg3 $1 {Black mates.} 54. R1f3 Kxg4 55. hxg3 Rg2+ {[%mdl 64] Double Attack} 56. Kf1 Nxg3+ {Accuracy: White = 52%, Black = 52%.} 0-1

[Event "3rd Sharjah Masters 2019"]
[Site "Sharjah"]
[Date "2019.03.22"]
[Round "1.9"]
[White "Sjugirov, Sanan"]
[Black "Bouzidi, Ahmed"]
[Result "1-0"]
[WhiteElo "2667"]
[BlackElo "2199"]
[Annotator "TA"]
[PlyCount "77"]
[EventDate "2019.03.22"]
[EventType "swiss"]
[EventCountry "UAE"]
[SourceTitle "playchess.com"]
[Source "ChessBase"]
[SourceQuality "1"]

{[%evp 27,77,32,25,8,20,22,14,12,19,11,22,0,0,6,0,0,0,-8,0,-23,-5,-10,35,21,33,32,23,24,28,28,39,22,49,0,0,0,0,0,0,-3,0,0,141,141,192,113,260,262,266,249,263,220]} 1. d4 Nf6 2. c4 e6 3. g3 d5 4. Nf3 Be7 5. Bg2 O-O 6. O-O dxc4 7. Qa4 a6 8. Qxc4 b5 9. Qc2 Bb7 10. Bd2 Be4 11. Qc1 Nbd7 12. Ba5 Nb6 13. Nbd2 Bb7 14. Qc2 Rc8 {[#]} 15. Rad1 $146 {E05: Open Catalan: 5 Nf3 Be7} ({Predecessor:} 15. Qd3 Bd5 16. b3 h6 17. Rac1 Ba3 18. Rc2 Be7 19. e4 Bb7 20. Qe3 Nfd7 21. Rfc1 Ba3 22. Rd1 Bd6 {0-1 (57) Mareco,S (2635)-Lu,S (2627) Doha 2016}) 15... c5 16. dxc5 Rxc5 17. Qb1 {The position is equal.} Qc7 18. e4 e5 19. Ne1 Rc6 20. Nd3 Qb8 21. b3 Nbd7 22. Nb4 Rd6 23. Nd5 Nxd5 24. exd5 Nf6 25. Ne4 Nxe4 26. Qxe4 Rh6 27. Rfe1 Bd6 28. Bb4 Re8 29. Bd2 Rg6 30. Bh3 Bc8 31. Bxc8 Qxc8 32. Rc1 $36 {[%mdl 2048] White has some pressure.} Qd7 33. Rc6 f5 34. Qc2 f4 {[#]} (34... Ra8 $11) 35. Bxf4 $1 $16 {[%mdl 512]} Qf7 ({Wrong is} 35... exf4 $2 36. Rxe8+ Qxe8 37. Rc8 $18) (35... Bb4 $16 {keeps fighting.} 36. Rxe5 Rxe5 37. Bxe5 Qxd5 38. Rc8+ (38. Rxg6 hxg6 39. Qb2 Bf8 $16) 38... Bf8) 36. Rc8 (36. Be3 $18) 36... Qd7 (36... Rxc8 $16 37. Qxc8+ {[%mdl 64] Double Attack} Bf8) 37. Rxe8+ $18 Qxe8 {[#]} 38. Bxe5 $1 {[%mdl 512]} Bxe5 39. Qf5 {Accuracy: White = 60%, Black = 57%.} 1-0